The Leonardo da Vinci Quiz - Statistics

General Stats
  • This quiz has been taken 441 times
  • The average score is 10 of 20
Answer Stats
Hint Answer % Correct
His most famous painting Mona Lisa
99%
Painting or fresco that features Jesus and the apostles The Last Supper
84%
The above is located near this major Italian city Florence
82%
He creates the traditional trinity of great masters of the High Renaissance with these two painters Michelangelo
71%
He spent his last three years living in this country France
68%
City to which he relocated to work for the Sforza family – where he painted the above Milan
66%
He made an early version of this type of aerial vehicle Helicopter
62%
Author of "The Da Vinci Code" Dan Brown
60%
He creates the traditional trinity of great masters of the High Renaissance with these two painters Raphael
59%
He "invented" this safety device for pilots Parachute
53%
His drawing that studies the proportions of the human body {Vitruvian} Man
53%
City in which he was born Vinci
51%
Billionaire who bought the above in 1994 Bill Gates
44%
His painting of Jesus that is world's most expensive painting ever sold Salvator {Mundi}
42%
His biggest project was a statue of this type of animal – it was never built Horse
32%
Animal held by the "Lady" in one of his famous paintings Ermine
27%
His collection of scientific writings {Codex} Leicester
15%
Quote {Simplicity} is the ultimate sophistication
8%
Quote {Learning} never exhausts the mind
7%
Quote Art is never finished, only {abandoned}
6%
No matching quizzes found
Score Distribution
Percent of People with Each Score
Percentile by Number Answered
Your Score History
You have not taken this quiz